000 00802nam a2200253 a 4500
001 BRCA_7985
005 20190320210100.0
008 130314s1971----mx-a###f##---#000-0#ita-#
041 _aita
044 _amx
050 4 _aAG26
_b.D545
_c1971
100 1 _aMassa de Gil, Beatriz
_919808
245 1 0 _aDizionario tecnico di biblioteconomia
_bitaliano - spagnolo - inglese
_cBeatriz Massa de Gil.
260 _aMéxico
_bTrillas
_c1971
300 _a242 p.
_bil.
_c24 cm.
500 _a3017
500 _aVer también 3031 e Y191
500 _aDedicatoria de la autora al señor Franz Mayer
546 _aTexto en: italiano, español e inglés
650 1 4 _aDiccionarios
_vEspecializados
_919809
650 1 4 _aBiblioteconomía
_vLibros de consulta
_zMéxico
_919810
902 _aGFM
942 _2lcc
_cB
999 _c7654
_d7654